Rasparallelivanije algoritmov i programm. Strukturnyj podchod /
Enregistré dans:
| Auteur principal: | |
|---|---|
| Format: | Livre |
| Langue: | russe |
| Publié: |
Moskva :
Radio i svjaz,
1989
|
| Tags: |
Pas de tags, Soyez le premier à ajouter un tag!
|
MARC
| LEADER | 00000nam a22000003a 4500 | ||
|---|---|---|---|
| 001 | stu388 | ||
| 005 | 20150617225622.7 | ||
| 008 | 910527s1989----xxr-----------------rus-d | ||
| 040 | |a STU |b slo | ||
| 041 | 0 | |a rus | |
| 044 | |a xxr | ||
| 080 | |a 519.683 | ||
| 080 | |a 681.32.013 | ||
| 100 | 1 | |a Vaľkovskij, Vladimir Alexandrovič |4 aut | |
| 245 | 1 | |a Rasparallelivanije algoritmov i programm. Strukturnyj podchod / |c [aut.] Vaľkovskij,Vladimir Alexandrovič | |
| 260 | |a Moskva : |b Radio i svjaz, |c 1989 | ||
| 300 | |a 173 s | ||
| 996 | |b I4157 |c I*4157 |l II680 |s A |a 24 |w stu388_0001 | ||